| 000 | 00780 a2200265 4500 | ||
|---|---|---|---|
| 001 | 19782 | ||
| 003 | TR-AnTOB | ||
| 005 | 20250704152344.0 | ||
| 008 | 041102s2003 tu tur | ||
| 020 | _a9758431234 | ||
| 040 |
_aTR-AnTOB _cTR-AnTOB |
||
| 041 | _atur | ||
| 050 |
_aJC143.M4 _bL3819 2003 |
||
| 090 | _aJC143.M4 L3819 2003 | ||
| 100 |
_aLedeen, Michael A. _912324 |
||
| 245 | 0 |
_aLiderlik ve güç kullanımında Machiavelli / _cMichael A. Ledeen ; çev. Türkan Arıkan, Elif Gökteke. |
|
| 264 | 1 |
_aİstanbul : _bLiteratür Yayınları, _c2003 |
|
| 300 |
_a166 p. ; _c24 cm. |
||
| 490 | 0 | _aLiteratür Yayınları; 70 | |
| 600 | 1 | 0 |
_aMachiavelli, Niccolo, _d1469-1527 _910796 |
| 650 | 7 |
_aSiyasal liderlik _2etuturkob _912327 |
|
| 902 | _a0002995 | ||
| 942 |
_cBK _2lcc |
||
| 999 |
_c19782 _d6472 |
||